00481nam a2200109Ia 4500008004100000100001800041245003200059260002200091300000700113520024000120650001100360220216s9999 xx 000 0 und d aMatade Sharad 0aGrowing, braving challenges bRubber Asiac2013 a88 aThe auto rubber components industry in indias Mumbai- Pune belt, the main hub, is on the growth trackin spite of certain deterring factors such as unfriendly Government policies, growing labourcost and inadequate infrastructure support aRubber